Normal view
MARC view
- الاقتصاد-المصارف- النقود
Entry Topical Term
001 - CONTROL NUMBER
- control field: 30149
003 - CONTROL NUMBER IDENTIFIER
- control field: JO-AjAnu
005 - DATE AND TIME OF LATEST TRANSACTION
- control field: 20230606075105.0
008 - FIXED-LENGTH DATA ELEMENTS
- fixed length control field: 230606|| aca||aabn | a|a d
040 ## - CATALOGING SOURCE
- Original cataloging agency: JO-AjAnu
- Transcribing agency: JO-AjAnu
150 ## - HEADING--TOPICAL TERM
- Topical term or geographic name entry element: الاقتصاد-المصارف- النقود
670 ## - SOURCE DATA FOUND
- Source citation: Work cat.: (JO-AjAnu)15485: سمحان، حسين محمد /م.مشارك: اسماعيل يونس يامن, author 30148, اقتصاديات النقود والمصارف